000 00531nam a2200181 i 4500
001 45622
003 ES-MaACL
005 20250820063031.0
007 t|
008 030326s1910 sp ||||1| spa d
100 1 _aColoma, Luis,
_d1851-1915
_939805
245 1 0 _aRecuerdos de Fernán Caballero /
_cpor Luis Coloma.
260 _aBilbao :
_b[s.n.],
_c1910 (
_fImp. del Corazón de Jesús)
300 _a450 p. ;
_c19 cm.
600 0 4 _aCaballero, Fernán.
_933079
852 _aES-MaACL
_jF-1054
999 _c45622
_d45622